International standards of the actuarial practice

Na minha lista:
Detalhes bibliográficos
Autor principal: Kamenárová, Mária
Outros Autores: Sakálová, Katarína, 1955-
Formato: Capítulo de Livro
Idioma:inglês
Tags: Adicionar Tag
Sem tags, seja o primeiro a adicionar uma tag!

MARC

LEADER 00000naa$a2200000$$$4500
001 0237414
005 20240502073832.2
041 0 |a eng 
044 |a SK 
245 1 0 |a International standards of the actuarial practice  |c Mária Kamenárová, Katarína Sakálová 
500 |a Abstrakt 
100 1 |a Kamenárová, Mária 
700 1 |a Sakálová, Katarína, 1955-